Every Alaska City Above 10K Population - Statistics

General Stats
  • This quiz has been taken 34 times
  • The average score is 3 of 7
Answer Stats
Population City % Correct
287,145 Anchorage
97%
31,685 Juneau
93%
32,107 Fairbanks
90%
11,797 College
33%
19,226 Badger
13%
18,282 Knik-Fairview
13%
10,314 Tanaina
3%
No matching quizzes found
Score Distribution
Percent of People with Each Score
Percentile by Number Answered
Your Score History
You have not taken this quiz